Statistics for The Best Countries in Chess

Click here to take the quiz!

General Stats

  • This quiz has been taken 63 times
  • The average score is 15 of 18

Answer Stats

Players or RatingCountry% Correct
Rating2641France
98%
Players4France
98%
Players12United States
98%
Rating2730United States
98%
Rating2684China
95%
Players8China
95%
Players11Russia
93%
Rating2700Russia
93%
Rating2637Germany
90%
Players8India
90%
Rating2698India
90%
Players4Spain
87%
Rating2631Spain
87%
Rating2654Ukraine
74%
Players9Ukraine
74%
Rating2633Armenia
46%
Players4Azerbaijan
44%
Players3Uzbekistan
33%

Score Distribution

Percentile by Number Answered

Percent of People with Each Score

Your Score History

You have not taken this quiz